000 00702nam a2200181Ia 4500
008 151202s9999||||xx |||||||||||||| ||und||
082 _bPNVM-40613
100 _aमराठे रमा.
245 _aहोमीओपाथी नवी आशा नवा दिलासा.
260 _bनवसाहित्य बुक स्टॉल बेळगाव.
260 _c1990
300 _a140
600 _aमराठे रमा.
630 _aहोमीओपाथी नवी आशा नवा दिलासा.
700 _aमराठे रमा.
730 _aहोमीओपाथी नवी आशा नवा दिलासा.
942 _cBOOK
999 _c1306565
_d1306562